La democracia como forma de vida

Detalles Bibliográficos
Autor principal: Dewey, John
Formato: eBook
Lenguaje:español
Publicado: Bogot:̀ Pontificia Universidad Javeriana, 2017
Materias:
Acceso en línea:Acceso restringido

MARC

LEADER 00000nam a22000007a 4500
005 20201216003529.0
007 cr|||| ||||
008 201216s2017 co |||||s|||| 00||0 spa d
020 |a 978-958-781-158-2 
035 |a 32380 
040 |a vLex 
090 |c 10965  |d 10965 
100 1 |a Dewey, John 
245 1 2 |a La democracia como forma de vida  |h [Recurso electrn̤ico] /  |c John Dewey 
256 |a Servicio en ln̕ea 
260 |a Bogot:̀  |b Pontificia Universidad Javeriana,  |c 2017 
300 |a 1 recurso electrn̤ico 
500 |a En este libro se encuentra una seleccin̤ de quince textos escritos por John Dewey en distintas p̌ocas (el primero de 1888 y el l︢timo posterior a la Segunda Guerra Mundial). En ellos, el conocido fils̤ofo pragmatista norteamericano reflexiona sobre la democracia desde distintas perspectivas y en ml︢tiples formatos (discursos, conferencias, artc̕ulos de prensa, etc.). Incluye reflexiones sobre las relaciones de la filosofa̕ con la democracia y de esta con la educacin̤; tambiň, sobre la situacin̤ peculiar de la sociedad norteamericana de su tiempo y sobre los desafo̕s fundamentales que plantea la consolidacin̤ de la democracia en el mundo. 
506 1 |a Disponible solo en los productos indicados  |d vLex Global  |d vLex Global (Academic Edition, excluding Law Schools)  |d vLex Global (U.S. Academic Edition, Law Schools)  |d vLex Global (U.S. Academic Edition, excluding Law Schools)  |d vLex Global (Academic Edition, Law Schools) 
650 0 4 |a Ciencias sociales  |z Colombia 
650 0 4 |a Sociologa̕  |z Colombia 
650 0 4 |a Ciencia polt̕ica  |z Colombia 
650 0 4 |a Filosofa̕ y religin̤  |z Colombia 
740 0 |a vLex Libros (Servicio en ln̕ea) 
856 4 0 |u http://vlex.com/source/democracia-como-forma-de-vida-32380  |z Acceso restringido 
942 |c BOOK 
999 0 |a Social Sciences 
999 0 |a Sociology 
999 0 |a Political science 
999 0 |a Philosophy and religion